- Mastretta, Ángeles,
Entry Nombre Personal
001 - NUMERO DE CONTROL
- campo de control: 29183
003 - IDENTIFICADOR DE NUMERO DE CONTROL
- campo de control: DLC
005 - FECHA Y HORA DE LA ÜLTIMA TRANSACCIÓN
- campo de control: 20230201135100.0
008 - DATOS DE LONGITUD FIJA
- campo de control de longitud fija: 230102n| azannaabn |a aaa
010 ## - NÚMERO DE CONTROL DE LA BIBLIOTECA DEL CONGRESO
- Número de control LC: n 88600417
035 ## - NUMERO DE CONTROL
- Número de control: (OCoLC)oca02176895
040 ## - FUENTE DE CATALOGACIÓN
- Agencia original de catalogación: DLC
- Lenguaje de catalogación: spa
- Description conventions: rda
- Agencia de transcripción: DLC
- Agencia que lo modifica: ICU
- Agencia que lo modifica: OCoLC
- Agencia que lo modifica: NJQ
- Agencia que lo modifica: UPB
- Agencia que lo modifica: OrPlMLA
- Agencia que lo modifica: CtY
- Agencia que lo modifica: MX-MxUPN
046 ## - FECHAS CON CODIFICACIÓN ESPECIAL
- Fecha de nacimiento: 1949
053 #0 - NÚMERO DE CLASIFICACIÓN LC
- Número de clasificación elemento-número único o número inicial de tramo: PQ7298.23.A795
100 1# - ENCABEZAMIENTO - NOMBRE PERSONAL
- Nombre personal: Mastretta, Ángeles,
- Fechas asociadas con el nombre: 1949-
370 ## - LUGAR ASOCIADO
- Place of birth: Puebla de Zaragoza (México)
374 ## - OCUPACIÓN
- Occupation: Escritora
375 ## - GÉNERO
- Gender: femenino
377 ## - LENGUA ASOCIADA
- Language code: spa
400 1# - VEÁSE - NOMBRE DE PERSONA
- Personal name: Mastretta, Ankheles,
- Dates associated with a name: 1949-
670 ## - FUENTE EN LA QUE SE LOCALIZARON DATOS
- Cita de la fuente: nuc88-663: Author's Arráncame la vida, c1986
- Información localizada: (hdg. on KU rept.: Mastretta, Angeles, 1949- ; usage: Angeles Mastretta)
670 ## - FUENTE EN LA QUE SE LOCALIZARON DATOS
- Cita de la fuente: En su obra: Arráncame la vida, 1987, c1986:
- Información localizada: portada (Ángeles Mastretta) página 4 de la cubierta (nació en Puebla (México), en 1949)
670 ## - FUENTE EN LA QUE SE LOCALIZARON DATOS
- Cita de la fuente: Li︠u︡bovnyĭ nedug, 2004:
- Información localizada: portada (Ankheles Mastretta)
670 ## - FUENTE EN LA QUE SE LOCALIZARON DATOS
- Cita de la fuente: Mujeres de ojos grandes, c2006:
- Información localizada: portada (Ángeles Mastretta)
670 ## - FUENTE EN LA QUE SE LOCALIZARON DATOS
- Cita de la fuente: BNE in VIAF, Aug. 9, 2012
- Información localizada: (hdg.: Mastretta, Ángeles, 1949-)
670 ## - FUENTE EN LA QUE SE LOCALIZARON DATOS
- Cita de la fuente: Arráncame la vida, 2004:
- Información localizada: portada (Ángeles Mastretta)
670 ## - FUENTE EN LA QUE SE LOCALIZARON DATOS
- Cita de la fuente: En su obra: Mal de amores, 2012:
- Información localizada: portada (Ángeles Mastretta) solapa delantera (Ángeles Mastretta (Puebla,1949) se graduó en Periodismo en la Facultad de Ciencias Políticas y Sociales de la UNAM. En 1985 publicó su primera novela, Arráncame la vida, que obtuvo el Premio Mazatlán en México y se convirtió en un verdadero fenómeno de crítica y ventas, tanto en el mundo de habla hispana como en sucesivas traducciones a quince idiomas)
902 ## - CATALOGADOR
- Catalogador: NDAF/010223
